000 00737nam a22001935i 4500
001 160111
003 ES-MaACL
005 20230906211933.0
008 040920s1839 be a |||| | fre d
040 _aCAM
_bspa
_cCAM
245 0 0 _aMonuments et vues de Bruxelles /
_cvingt-quatre planches dessinés par Stroobant, accompagnées d'une description historique.
260 _aBruxelles :
_bSociété des Beaux-Arts,
_c1839.
300 _a58 p., [24] h. de lám. ;
_c24 cm.
599 _aLas h. de lám. grab. lit.
651 4 _aBruselas-
_xMonumentos.
_9137067
700 1 1 _aStroobant,
_eil.
_9132926
752 _aBélgica -
_dBruselas
852 _aES-MaACL
_jG-9557
_z-- Enc. hol.
_z-- Anot. ms. en la antep.: "Genova Decembre 1843"
999 _c160111
_d160111